000 00499nam a2200205Ia 4500
003 OSt
005 20221007082606.0
006 a|||||r|||| 00| 0
007 ta
008 221006b |||||||| |||| 00| 0 eng d
024 _a21,198
037 _cTextual
040 _aFLL
_cFLL
_beng
041 _2eng
_aeng
082 _aL:5:(Z).2, P2
245 0 _aLegal frame work for healthy case of India
260 _c2002
942 _hL:5:(Z).2, P2
_cTEXL
_2CC
999 _c1166988
_d1166988